Vocabulaire en Anglais (Thème : Voyage/Escapades/Vacances) - Statistiques

Statistiques générales
  • Ce quiz a été pris 52 fois
    43 depuis la dernière actualisation
  • Le résultat moyen est 7 sur 48
Statistiques - réponses
Mot en français
Réponse attendue en Anglais
% Correct
vacances holidays
61%
un hôtel a hotel
57%
la réception the reception
48%
une visite / une tournée a tour
43%
un touriste a tourist
43%
voyager to travel
43%
un motel a motel
39%
une chambre double a double room
30%
un voyage a travel
30%
réserver to book
30%
le tourisme the tourism
26%
la gare the train station
26%
un vol (d'avion) a flight
22%
une chambre simple a single room
22%
une tente a tent
22%
un hôtel de luxe a luxury hotel
17%
un billet a ticket
17%
une caravane a caravan
13%
un navire de croisière a cruise ship
13%
un foyer / une résidence a hostel
9%
"nuit avec petit-déjeuner" "bed and breakfast"
9%
le port the port
9%
une carte d'embarquement a boarding pass
4%
une auberge de jeunesse an youth hostel
4%
la climatisation / l'air conditionné the air conditionning
4%
les randonneurs / les routards the backpackers
4%
l'heure d'embarquement the boarding time
4%
l'enregistrement the check-in
4%
le personnel / équipe the staff
4%
un camping-car a camper-van
0%
a camping a campsite
0%
une pension complète a full-board
0%
une escapade / un séjour a getaway
0%
une demi-pension a half-board
0%
un vacancier a holiday-maker
0%
un emplacement a location
0%
une station touristique an holiday resort
0%
une piscine à débordement an infinity pool
0%
une station balnéaire a seaside resort
0%
une station de ski a ski resort
0%
une colonie de vacances a summer camp
0%
une escale a transit
0%
une agence de voyage a travel agency
0%
une location de vacances a vacation rental
0%
une agence de location de véhicules a vehicle rental agency
0%
l'aéroport the aiport
0%
la blanchisserie the laundry service
0%
le propriétaire de l'établissement the property owner
0%
Aucun quiz correspondant
Distribution des résultats
% des personnes avec chaque résultat
Percentile par nombre de réponses
Votre historique - résultats
Vous n’avez pas pris ce quiz depuis la dernière actualisation